| 000 | 00622nam a2200241Ia 4500 | ||
|---|---|---|---|
| 001 | 22202 | ||
| 005 | 20240114000630.0 | ||
| 007 | ta | ||
| 008 | 060316s 196 a g b000 u 465 u | ||
| 040 | _aCotton College,Assam | ||
| 041 | _a465 | ||
| 082 |
_a821.91 _bP 247 An |
||
| 100 | _aParra, Nicanor . | ||
| 245 | 0 |
_aAnti-Poems / _cNicanor Parra. _hTextual Documents |
|
| 250 | _a1st ed. / | ||
| 260 |
_aSanfrancisco : _bCity Lights Books , _cC 1960. |
||
| 300 |
_a32p. : _bill ; _c14cm . |
||
| 653 | _aEnglish poetry | ||
| 653 | _aG-English | ||
| 942 |
_2ddc _cBK |
||
| 999 |
_c22184 _d22184 |
||